000 01053nam a2200253 4500
005 20240530110440.0
008 150419s2010 ua g b 000 0dara d
017 _a2010/14096
_bمصر . دار الكتب المصرية
020 _a9789777041607
040 _aEG-CaGPL
082 0 4 _221
_a338.9\
_bف ت
100 1 _aفريدمان ، جون
_qجون فريدمان
245 1 2 _aالتمكين :
_bسياسة التنمية البديلة /
_cتاليف جون فريدمان ؛ ترجمة وتقديم ربيع وهبة
250 _aط1
260 _aالقاهرة :
_bالمركز القومى للترجمة ،
_c2010 .
300 _a291 ص ؛
_c24 سم
490 0 _aالمشروع القومى للترجمة ؛
_v1648
504 _aببليوجرافية : ص 273 - 288
650 0 4 _aالتنمية الاقتصادية
650 0 4 _aالتنمية الاقتصادية
_xالجوانب الاجتماعية
650 0 4 _aالاحوال الاقتصادية
700 0 _aربيع وهبة
_eمترجم ومقدم
942 _2ddc
_cBK
999 _c61025
_d61025